Sports Quiz

Random Sports or NFL Quiz
Score 0/187 Timer 15:00
0 Plays Today
Hint Answer % Correct
Baltimore/Indianapolis ColtsPeyton Manning
100%
Denver BroncosPeyton Manning
100%
New York GiantsEli Manning
100%
New Orleans SaintsArchie Manning
100%
Los Angeles/St. Louis RamsJared Goff
100%
New England PatriotsTom Brady
99.3%
Baltimore RavensJoe Flacco
99.3%
Pittsburgh SteelersBen Roethlisberger
99.3%
Kansas City ChiefsAlex Smith
99.3%
San Francisco 49ersAlex Smith
99.3%
Miami DolphinsDan Marino
98.6%
Houston TexansMatt Schaub
98.6%
San Diego/Los Angeles ChargersDrew Brees
98.6%
Dallas CowboysTroy Aikman
98.6%
New Orleans SaintsDrew Brees
98.6%
Miami DolphinsRyan Tannehill
98%
Cincinnati BengalsCarson Palmer
98%
Houston TexansDavid Carr
98%
Oakland/Los Angeles RaidersDerek Carr
98%
Dallas CowboysTony Romo
98%
St. Louis/Arizona CardinalsCarson Palmer
98%
Seattle SeahawksRussell Wilson
98%
Dallas CowboysDak Prescott
97.4%
Cincinnati BengalsAndy Dalton
97.3%
Houston Oilers/Tennessee TitansVince Young
97.3%
Chicago BearsJay Cutler
97.3%
Green Bay PackersBrett Favre
97.3%
Green Bay PackersAaron Rodgers
97.3%
Atlanta FalconsMatt Ryan
97.3%
St. Louis/Arizona CardinalsKurt Warner
97.3%
Los Angeles/St. Louis RamsKurt Warner
97.3%
San Francisco 49ersSteve Young
97.3%
Buffalo BillsDrew Bledsoe
96.6%
New England PatriotsDrew Bledsoe
96.6%
Pittsburgh SteelersTerry Bradshaw
96.6%
Baltimore/Indianapolis ColtsAndrew Luck
96.6%
Jacksonville JaguarsBlake Bortles
96.6%
San Diego/Los Angeles ChargersPhilip Rivers
96.6%
Philadelphia EaglesDonovan McNabb
96.6%
Buffalo BillsJim Kelly
95.9%
Denver BroncosCharley Johnson
95.9%
Washington Redskins/WFTKirk Cousins
95.9%
Detroit LionsMatthew Stafford
95.9%
Carolina PanthersCam Newton
95.9%
Tampa Bay BuccaneersBrad Johnson
95.9%
San Francisco 49ersJoe Montana
95.9%
Houston Oilers/Tennessee TitansMarcus Mariota
95.2%
Philadelphia EaglesMichael Vick
95.2%
Atlanta FalconsMichael Vick
95.2%
Seattle SeahawksMatt Hasselbeck
95.2%
Philadelphia EaglesCarson Wentz
94.7%
Denver BroncosJohn Elway
94.6%
Houston Oilers/Tennessee TitansWarren Moon
93.9%
Green Bay PackersBart Starr
93.9%
Minnesota VikingsDaunte Culpepper
93.9%
New York JetsMark Sanchez
93.2%
Baltimore/Indianapolis ColtsJohnny Unitas
93.2%
Tampa Bay BuccaneersJameis Winston
93.2%
San Francisco 49ersColin Kaepernick
93.2%
Dallas CowboysRoger Staubach
92.5%
New York JetsBoomer Esiason
91.8%
New York JetsVinny Testaverde
91.8%
Cincinnati BengalsBoomer Esiason
91.8%
Hint Answer % Correct
Tampa Bay BuccaneersVinny Testaverde
91.8%
Buffalo BillsTyrod Taylor
91.2%
Cincinnati BengalsKen Anderson
91.2%
Houston Oilers/Tennessee TitansSteve McNair
91.2%
Philadelphia EaglesRandall Cunningham
91.2%
New York JetsJoe Namath
89.8%
Miami DolphinsBob Griese
89.1%
Denver BroncosBrian Griese
89.1%
San Diego/Los Angeles ChargersDan Fouts
89.1%
Carolina PanthersJake Delhomme
88.4%
Los Angeles/St. Louis RamsSam Bradford
88.4%
San Francisco 49ersJeff Garcia
88.4%
Kansas City ChiefsTrent Green
87.8%
Oakland/Los Angeles RaidersRich Gannon
87.8%
New York GiantsFran Tarkenton
87.8%
New York GiantsPhil Simms
87.8%
Minnesota VikingsFran Tarkenton
87.8%
Minnesota VikingsRich Gannon
87.8%
New York JetsChad Pennington
87.1%
New York GiantsKerry Collins
87.1%
Carolina PanthersKerry Collins
87.1%
Kansas City ChiefsLen Dawson
85.7%
Buffalo BillsRyan Fitzpatrick
85%
Cleveland BrownsTim Couch
85%
Jacksonville JaguarsDavid Garrard
85%
Chicago BearsJim McMahon
84.4%
Washington Redskins/WFTJoe Theismann
83.7%
Chicago BearsMitchell Trubisky
83.3%
Los Angeles/St. Louis RamsMarc Bulger
83%
Oakland/Los Angeles RaidersKen Stabler
82.3%
Cincinnati BengalsJon Kitna
81.6%
Pittsburgh SteelersKordell Stewart
81.6%
Jacksonville JaguarsMark Brunell
81.6%
Washington Redskins/WFTMark Brunell
81.6%
Philadelphia EaglesRon Jaworski
81%
Denver BroncosJake Plummer
79.6%
St. Louis/Arizona CardinalsJake Plummer
79.6%
New England PatriotsJim Plunkett
78.9%
Oakland/Los Angeles RaidersJim Plunkett
78.9%
Atlanta FalconsChris Chandler
78.2%
Jacksonville JaguarsByron Leftwich
77.6%
Dallas CowboysDanny White
77.6%
Tampa Bay BuccaneersTrent Dilfer
77.6%
Baltimore/Indianapolis ColtsBert Jones
76.9%
Washington Redskins/WFTMark Rypien
76.9%
Cleveland BrownsBernie Kosar
76.2%
Baltimore/Indianapolis ColtsJim Harbaugh
75.5%
Chicago BearsJim Harbaugh
75.5%
New Orleans SaintsJim Everett
74.8%
Tampa Bay BuccaneersJosh Freeman
74.8%
Los Angeles/St. Louis RamsJim Everett
74.8%
Pittsburgh SteelersNeil O'Donnell
74.1%
Kansas City ChiefsElvis Grbac
74.1%
Tampa Bay BuccaneersDoug Williams
74.1%
Kansas City ChiefsMatt Cassel
73.5%
Minnesota VikingsChristian Ponder
73.5%
New England PatriotsTony Eason
72.1%
New York JetsKen O'Brien
72.1%
Baltimore RavensKyle Boller
72.1%
Cleveland BrownsBrian Sipe
68.7%
Baltimore/Indianapolis ColtsJeff George
68.7%
New England PatriotsSteve Grogan
68%
Oakland/Los Angeles RaidersJeff Hostetler
68%
Hint Answer % Correct
New Orleans SaintsAaron Brooks
68%
Miami DolphinsJay Fiedler
67.3%
Carolina PanthersSteve Beuerlein
67.3%
Detroit LionsJoey Harrington
66.7%
Seattle SeahawksDave Krieg
66%
Denver BroncosCraig Morton
65.3%
Oakland/Los Angeles RaidersDaryle Lamonica
65.3%
Dallas CowboysCraig Morton
65.3%
New York GiantsCraig Morton
65.3%
Washington Redskins/WFTJason Campbell
65.3%
San Diego/Los Angeles ChargersStan Humphries
64.6%
New York GiantsDave Brown
64.6%
Washington Redskins/WFTSonny Jurgensen
64.6%
Seattle SeahawksJim Zorn
63.3%
Los Angeles/St. Louis RamsVince Ferragamo
61.9%
Kansas City ChiefsSteve DeBerg
60.5%
San Francisco 49ersSteve DeBerg
60.5%
Green Bay PackersLynn Dickey
59.2%
San Diego/Los Angeles ChargersJohn Hadl
58.5%
Buffalo BillsJack Kemp
57.8%
Miami DolphinsDavid Woodley
57.8%
Cincinnati BengalsJeff Blake
57.8%
Buffalo BillsJoe Ferguson
56.5%
New York JetsRichard Todd
56.5%
Minnesota VikingsTommy Kramer
55.8%
Washington Redskins/WFTGus Frerotte
54.4%
Oakland/Los Angeles RaidersJay Schroeder
53.7%
Atlanta FalconsSteve Bartkowski
53.7%
St. Louis/Arizona CardinalsNeil Lomax
53.7%
Philadelphia EaglesRoman Gabriel
53.1%
Washington Redskins/WFTBilly Kilmer
53.1%
Minnesota VikingsJoe Kapp
53.1%
New Orleans SaintsBilly Kilmer
53.1%
Los Angeles/St. Louis RamsRoman Gabriel
53.1%
Pittsburgh SteelersBubby Brister
51.7%
Dallas CowboysDon Meredith
51.7%
Detroit LionsRodney Peete
51.7%
St. Louis/Arizona CardinalsJim Hart
51.7%
Houston Oilers/Tennessee TitansDan Pastorini
50.3%
Detroit LionsScott Mitchell
50.3%
New Orleans SaintsBobby Hebert
49%
Seattle SeahawksRick Mirer
49%
Pittsburgh SteelersMark Malone
48.3%
San Francisco 49ersJohn Brodie
46.9%
Detroit LionsGreg Landry
44.9%
Atlanta FalconsChris Miller
44.9%
Detroit LionsCharlie Batch
42.2%
Philadelphia EaglesNorm Snead
39.5%
Los Angeles/St. Louis RamsTony Banks
38.8%
Kansas City ChiefsBill Kenney
38.1%
Cleveland BrownsMike Phipps
37.4%
Los Angeles/St. Louis RamsPat Haden
35.4%
Baltimore/Indianapolis ColtsJack Trudeau
34.7%
Cleveland BrownsBill Nelsen
34%
Baltimore/Indianapolis ColtsMike Pagel
34%
Detroit LionsGary Danielson
34%
Detroit LionsEric Hipple
34%
Buffalo BillsDennis Shaw
32%
Chicago BearsBob Avellini
26.5%
Kansas City ChiefsMike Livingston
24.5%
Atlanta FalconsBob Berry
19%
Remove Ads.
Support Sporcle.
Get the best of Sporcle when you Go Orange. This ad-free experience offers more features, more stats, and more fun while also helping to support Sporcle. Thank you for becoming a member.

You're not logged in!

Compare scores with friends on all Sporcle quizzes.
OR
Log In

Show Comments

Extras

Created Dec 10, 2018ReportNominate
Tags:NFL Quiz, NFL Player, Starting QB

Top Quizzes Today


Score Distribution

Your Account Isn't Verified!

In order to create a playlist on Sporcle, you need to verify the email address you used during registration. Go to your Sporcle Settings to finish the process.

Report this User

Report this user for behavior that violates our Community Guidelines.

Details: